[Event "Elit(Orgryte-Sollentuna)"]
[Site "?"]
[Date "2008.12.05"]
[Round "3"]
[White "Poley, Vladimir"]
[Black "Virolainen, Victor"]
[Result "1-0"]
[WhiteElo "2478"]
[BlackElo "2222"]
[PlyCount "73"]
[SourceDate "2008.12.09"]

1. d4 d5 2. g3 Nc6 3. Bg2 Bf5 4. Nh3 e6 5. c3 Bd6 6. a4 Nge7 7. Na3 a6 8. O-O
O-O 9. f3 e5 10. e3 h6 11. Nf2 Qd7 12. e4 dxe4 13. fxe4 Bh7 14. d5 Nd8 15. Nc4
Nc8 16. Ng4 Qe7 17. Bxh6 gxh6 18. Nf6+ Kg7 19. Qg4+ Bg6 20. b4 Bc5+ 21. Kh1 Ba7
22. Rf5 Nd6 23. Nh5+ Kh7 24. Rxe5 Bxh5 25. Qxh5 Qf6 26. Rf1 Qg6 27. Qe2 f6 28.
Nxd6 cxd6 29. Re7+ Rf7 30. Re8 Kg7 31. Rf4 Rf8 32. Rxd8 Raxd8 33. Rg4 Rf7 34.
Rxg6+ Kxg6 35. Bh3 Kg7 36. Be6 Rc7 37. Qg4+ 1-0

[Event "Elit(Orgryte-Sollentuna)"]
[Site "?"]
[Date "2008.12.05"]
[Round "3"]
[White "Forsberg, Jan-Olof"]
[Black "Agrest, Inna"]
[Result "1/2-1/2"]
[WhiteElo "2177"]
[BlackElo "2396"]
[PlyCount "126"]
[SourceDate "2008.12.09"]

1. d4 Nf6 2. c4 g6 3. Nc3 Bg7 4. e4 O-O 5. Nf3 d6 6. Be2 Na6 7. O-O e5 8. Be3
c6 9. dxe5 dxe5 10. Qxd8 Rxd8 11. Rfd1 Re8 12. h3 Bf8 13. Nd2 Nc5 14. Rab1 a5
15. b3 Ne6 16. Nf3 Bb4 17. Na4 Nxe4 18. Nxe5 Nc3 19. Nxc3 Bxc3 20. Nd7 f5 21.
Nb6 Rb8 22. Nxc8 Rbxc8 23. Bb6 Ng5 24. Bf1 c5 25. Rd5 Ne4 26. Bd3 Bd4 27. Bxe4
Rxe4 28. Kf1 Rc6 29. f3 Ree6 30. Bd8 Re5 31. Rd7 Rce6 32. Bh4 g5 33. Be1 Re2
34. a3 Ra2 35. b4 axb4 36. axb4 b6 37. bxc5 Bxc5 38. Rd2 Rxd2 39. Bxd2 f4 40.
Re1 Rd6 41. Ke2 Kf7 42. Bc3 Be3 43. Ra1 Ke6 44. Ra8 Bd4 45. Bb4 Rd7 46. Re8+
Kf7 47. Rf8+ Kg7 48. Ra8 Bf6 49. Ra6 Rd4 50. Rxb6 Rxc4 51. Bd2 Rc2 52. Kd3 Ra2
53. Rb7+ Kg6 54. Rb6 Ra3+ 55. Ke2 Kg7 56. Rb7+ Kh6 57. Rb6 Kg6 58. Rb7 Bc3 59.
Bxc3 Rxc3 60. Rb2 Kh5 61. Kf2 Kh4 62. Ra2 Rb3 63. Rc2 Ra3 1/2-1/2

[Event "Elit(Orgryte-Sollentuna)"]
[Site "?"]
[Date "2008.12.05"]
[Round "3"]
[White "Bergstrom, Peter"]
[Black "Eksmyr, Johan"]
[Result "1/2-1/2"]
[WhiteElo "2348"]
[BlackElo "2184"]
[PlyCount "127"]

1. e4 c6 2. d4 d5 3. e5 Bf5 4. Nc3 e6 5. g4 Bg6 6. Nge2 f6 7. Nf4 fxe5 8. Nxg6
hxg6 9. dxe5 Nd7 10. Bf4 Bb4 11. Qd3 Ne7 12. Be2 Qa5 13. O-O Bxc3 14. bxc3
O-O-O 15. Rfb1 Nc5 16. Qe3 Ne4 17. Rb3 Rdf8 18. Bg3 Qc5 19. c4 Qxe3 20. Rxe3
Nxg3 21. hxg3 g5 22. Rd1 Rd8 23. cxd5 Nxd5 24. Rf3 Rhf8 25. Rxf8 Rxf8 26. Bc4
Rf3 27. Bd3 Nc3 28. Ra1 b5 29. a3 a5 30. Kg2 Rf7 31. Rh1 a4 32. Rh8+ Kb7 33.
Re8 Nb1 34. Rxe6 Nxa3 35. Rd6 Re7 36. f4 c5 37. Be4+ Ka7 38. e6 Kb8 39. f5 Nc4
40. Rd8+ Kc7 41. Ra8 a3 42. Kf2 b4 43. Ke2 Kd6 44. Kd1 Ne3+ 45. Kc1 Nxg4 46.
Bf3 Nf6 47. g4 Ke5 48. Rc8 Ra7 49. Kb1 Kf4 50. Bh1 Nxg4 51. Rxc5 Ne3 52. Ka2 g4
53. Rb5 g3 54. Bb7 Nxf5 55. Rxf5+ Kxf5 56. e7 g2 57. e8=Q g1=Q 58. Qf7+ Ke5 59.
Qe7+ Kf4 60. Qf8+ Kg3 61. Qxg7+ Kf2 62. Qd4+ Kf1 63. Qd1+ Kf2 64. Qd4+ 1/2-1/2

[Event "Elit(Orgryte-Sollentuna)"]
[Site "?"]
[Date "2008.12.05"]
[Round "3"]
[White "Lauritzson, Peter"]
[Black "Aperia, Jakob"]
[Result "1/2-1/2"]
[WhiteElo "2089"]
[BlackElo "1982"]
[PlyCount "71"]

1. Nf3 d5 2. c4 c6 3. g3 Nf6 4. Bg2 dxc4 5. O-O Bf5 6. a4 e6 7. Na3 Be7 8. Nxc4
Na6 9. d3 h6 10. b3 O-O 11. Bb2 Nc5 12. Nd4 Bh7 13. b4 Ncd7 14. b5 c5 15. Nb3
Qc7 16. Qd2 Rfd8 17. Rfc1 Rac8 18. Qe1 Nd5 19. e4 Nb4 20. Qc3 Bf6 21. e5 Be7
22. Nd6 Nxd3 23. Nxc8 Rxc8 24. Rd1 Nxb2 25. Qxb2 Nxe5 26. Qe2 Bd3 27. Rxd3 Nxd3
28. Qxd3 c4 29. Qf3 cxb3 30. Qxb3 b6 31. Rd1 Rd8 32. Bc6 Rd6 33. Qf3 Qd8 34.
Rxd6 Bxd6 35. Qd3 Be7 36. Qxd8+ 1/2-1/2

[Event "Elit(Vasteras-Skara)"]
[Site "?"]
[Date "2008.12.05"]
[Round "3"]
[White "Hillarp Persson, Tiger"]
[Black "Akesson, Ralf"]
[Result "1-0"]
[WhiteElo "2671"]
[BlackElo "2541"]
[PlyCount "85"]

1. d4 d5 2. c4 e6 3. Nc3 Be7 4. cxd5 exd5 5. Bf4 c6 6. e3 Bf5 7. g4 Be6 8. Bd3
Nd7 9. Qf3 g5 10. Bg3 h5 11. gxh5 Ngf6 12. Nge2 Nxh5 13. O-O-O Ndf6 14. Kb1 Qd7
15. Be5 Bg4 16. Qg2 Bh3 17. Qg1 Bf5 18. Bxf5 Qxf5+ 19. Ka1 Qf3 20. h4 g4 21. e4
dxe4 22. d5 Qf5 23. Bxf6 Nxf6 24. Nd4 Qe5 25. dxc6 O-O-O 26. cxb7+ Kxb7 27.
Nde2 Bc5 28. Qg2 Qf5 29. Na4 Qxf2 30. Nxc5+ Qxc5 31. Rc1 Qe5 32. Nc3 Rd4 33.
Rhf1 Rhd8 34. Qc2 Rd2 35. Qb3+ Ka8 36. Qc4 Qb8 37. Qc6+ Qb7 38. Qxb7+ Kxb7 39.
Rxf6 e3 40. Rxf7+ Kb6 41. Re7 R8d3 42. Kb1 g3 43. Na4+ 1-0

[Event "Elit(Vasteras-Skara)"]
[Site "?"]
[Date "2008.12.05"]
[Round "3"]
[White "Sjodahl, Pontus"]
[Black "Cicak, Slavko"]
[Result "1-0"]
[WhiteElo "2494"]
[BlackElo "2588"]
[PlyCount "124"]

1. d4 Nf6 2. c4 g6 3. Nc3 Bg7 4. e4 O-O 5. Be3 Nc6 6. d5 Nb4 7. a3 Na6 8. e5
Ne8 9. Nf3 d6 10. exd6 Nxd6 11. Be2 e5 12. Qd2 Bg4 13. c5 Nf5 14. c6 Qc8 15.
O-O bxc6 16. dxc6 Rd8 17. Qc1 Nd4 18. Bxd4 exd4 19. Nb5 d3 20. Bd1 Qb8 21. a4
Bxf3 22. Bxf3 Qb6 23. Qc4 Rab8 24. Rfd1 d2 25. Rab1 Nc5 26. b3 Ne6 27. Bd5 Rxd5
28. Qxd5 Rd8 29. Qc4 a6 30. Na3 Nd4 31. b4 Nxc6 32. b5 Ne5 33. Qe2 Qd6 34. Nc4
Nxc4 35. Qxc4 a5 36. Rb3 Bh6 37. g3 Re8 38. Kg2 Re1 39. Rbb1 Qe7 40. Qd3 Re4
41. b6 cxb6 42. Rxb6 Re1 43. Rb8+ Kg7 44. Qd4+ Qf6 45. Qc5 Qe6 46. Qf8+ Kf6 47.
Qd8+ Qe7 48. Rb6+ Kg7 49. Qd4+ f6 50. Rdb1 Qe4+ 51. Qxe4 Rxe4 52. Rb7+ Kf8 53.
Rd7 Ke8 54. Rxh7 Kf8 55. Rbb7 Bg7 56. Rd7 Rxa4 57. Rxd2 Kg8 58. Rh3 g5 59. Rd7
Re4 60. Ra7 a4 61. Rh5 Bf8 62. h4 Be7 1-0

[Event "Elit(Vasteras-Skara)"]
[Site "?"]
[Date "2008.12.05"]
[Round "3"]
[White "Djurhuus, Rune"]
[Black "Eriksson, Anders"]
[Result "1-0"]
[WhiteElo "2561"]
[BlackElo "2370"]
[PlyCount "99"]

1. Nf3 Nf6 2. c4 c5 3. g3 b6 4. Bg2 Bb7 5. O-O e6 6. Nc3 Be7 7. Re1 O-O 8. e4
d6 9. d4 cxd4 10. Nxd4 Qc8 11. b3 a6 12. Bb2 Nbd7 13. Rc1 Re8 14. Rc2 Bf8 15.
Nde2 Qc7 16. Nf4 Rac8 17. g4 h6 18. Rd2 d5 19. e5 Nxe5 20. Rxe5 Qxe5 21. Ncxd5
Qb8 22. Nxf6+ gxf6 23. Nh5 Be7 24. Rd7 Bxg2 25. Qd2 Rc5 26. Nxf6+ Bxf6 27. Bxf6
Kh7 28. Kxg2 Rc7 29. Qd3+ Kg8 30. Qe3 Qb7+ 31. f3 Kh7 32. Rd6 Rg8 33. Qd3+ Rg6
34. Kf2 Rc6 35. Rd8 Rc8 36. Rd7 Rc7 37. Rd8 Rc8 38. h4 Rxd8 39. Qxd8 Rxf6 40.
Qxf6 Qc7 41. Kg2 Qd7 42. Qc3 Qd1 43. a3 Qe2+ 44. Kg3 e5 45. b4 Kg6 46. c5 bxc5
47. bxc5 f5 48. gxf5+ Kxf5 49. c6 Qf1 50. Qe3 1-0

[Event "Elit(Vasteras-Skara)"]
[Site "?"]
[Date "2008.12.05"]
[Round "3"]
[White "Nygren, Kim"]
[Black "Andersson, Goran"]
[Result "1-0"]
[WhiteElo "2317"]
[BlackElo "2304"]
[PlyCount "29"]

1. e4 c5 2. Nf3 Nf6 3. e5 Nd5 4. d4 cxd4 5. Bc4 Nb6 6. Qxd4 Nc6 7. Qf4 Nxc4 8.
Qxc4 d5 9. exd6 e5 10. Ng5 Qf6 11. Nc3 Qg6 12. Nb5 Bxd6 13. Nxd6+ Qxd6 14.
Qxf7+ Kd8 15. Qxg7 1-0

[Event "Elit(Vasteras-Skara)"]
[Site "?"]
[Date "2008.12.05"]
[Round "3"]
[White "Eklund, Lars-Goran"]
[Black "Nilsson, Andre"]
[Result "1/2-1/2"]
[WhiteElo "2375"]
[BlackElo "2330"]
[PlyCount "32"]

1. Nf3 g6 2. c4 Bg7 3. d4 Nf6 4. Nc3 O-O 5. e4 d6 6. Be2 Bg4 7. Be3 c6 8. Qd2
a6 9. a4 a5 10. O-O Na6 11. Rad1 Nb4 12. e5 Nd7 13. exd6 exd6 14. Bf4 Nf6 15.
h3 Bf5 16. Bg5 d5 1/2-1/2

[Event "Elit(Vasteras-Skara)"]
[Site "?"]
[Date "2008.12.05"]
[Round "3"]
[White "Norberg, Erik"]
[Black "Friberg, Hans"]
[Result "0-1"]
[WhiteElo "2292"]
[BlackElo "2280"]
[PlyCount "60"]

1. c4 e6 2. g3 d5 3. Bg2 Nf6 4. Nf3 c5 5. O-O Nc6 6. cxd5 exd5 7. d4 Be7 8. Nc3
O-O 9. Bg5 cxd4 10. Nxd4 h6 11. Bf4 Bg4 12. h3 Be6 13. Qd2 Rc8 14. Rfd1 Nxd4
15. Qxd4 Bc5 16. Qe5 Re8 17. Bc1 Bxh3 18. Qf4 Bxg2 19. Kxg2 d4 20. Na4 Rxe2 21.
Nxc5 Rxc5 22. Rxd4 Rd5 23. Be3 Rxb2 24. Rc4 Rd3 25. Bxa7 Qa8 26. Qb8+ Qxb8 27.
Bxb8 Rdd2 28. Rf1 Rxa2 29. Rc8+ Kh7 30. Rc7 Ng4 0-1

[Event "Elit(Vasteras-Skara)"]
[Site "?"]
[Date "2008.12.05"]
[Round "3"]
[White "Mohammadi, Amir"]
[Black "Sandberg, Richard"]
[Result "1/2-1/2"]
[WhiteElo "2308"]
[BlackElo "2241"]
[PlyCount "79"]

1. e4 d6 2. Nc3 g6 3. g3 Bg7 4. Bg2 Nf6 5. d3 O-O 6. Be3 c5 7. f3 Nc6 8. Qd2
Nd4 9. Nce2 e5 10. c3 Ne6 11. h4 d5 12. g4 dxe4 13. dxe4 Qxd2+ 14. Bxd2 c4 15.
Ng3 Nc5 16. Bf1 b5 17. Be3 Na4 18. O-O-O a5 19. Kc2 b4 20. Bxc4 bxc3 21. bxc3
Nd7 22. Bb5 Ndc5 23. Rd5 Rb8 24. Bxc5 Rxb5 25. Bxf8 Rb2+ 26. Kc1 Bxf8 27. Rxa5
Rxa2 28. Ra8 Be6 29. h5 Bb3 30. N1e2 f6 31. hxg6 hxg6 32. Rc8 Kg7 33. Rxf8 Kxf8
34. Rh8+ Kg7 35. Rb8 Bc4 36. Kd1 Nb2+ 37. Kc1 Nd3+ 38. Kb1 Rd2 39. Rb7+ Kg8 40.
Rc7 1/2-1/2

[Event "Elit(Vasteras-Skara)"]
[Site "?"]
[Date "2008.12.05"]
[Round "3"]
[White "Janse, Rasmus"]
[Black "Svensson, Sven"]
[Result "1/2-1/2"]
[WhiteElo "2198"]
[BlackElo "2285"]
[PlyCount "128"]

1. d4 Nf6 2. c4 e6 3. Nc3 Bb4 4. Bg5 h6 5. Bh4 c5 6. d5 d6 7. e3 e5 8. Qc2 Nbd7
9. Bd3 Qa5 10. Nge2 a6 11. a3 b5 12. O-O Bxc3 13. Qxc3 Qxc3 14. Nxc3 bxc4 15.
Bxc4 Rb8 16. Rfb1 g5 17. Bg3 Nb6 18. Be2 Bf5 19. Rd1 a5 20. f3 Bc2 21. Rd2 Bb3
22. e4 Ke7 23. a4 Nfd7 24. Bb5 Bc4 25. Bc6 Ba6 26. Rc2 Rhc8 27. Be1 Bb7 28. Bb5
Ra8 29. Ne2 Rh8 30. Ng3 Nc8 31. Nf5+ Kd8 32. Ne3 Ndb6 33. h4 Ne7 34. h5 Bc8 35.
g3 Ng8 36. g4 Ne7 37. Nf1 Bd7 38. Nd2 Bxb5 39. axb5 a4 40. Nc4 Kc7 41. Ba5 Nec8
42. Rxa4 Kb7 43. Ra1 Nxc4 44. Rxc4 Nb6 45. Rcc1 Nd7 46. b4 Ra7 47. bxc5 dxc5
48. Bc3 Rha8 49. Kf2 Rxa1 50. Rxa1 Rxa1 51. Bxa1 Kb6 52. f4 f6 53. fxg5 fxg5
54. Ke2 Kxb5 55. Bc3 Kc4 56. Bd2 Nf6 57. d6 Kb5 58. Bc3 Nd7 59. Kd3 Kc6 60. Ba5
Kxd6 61. Bd8 Kc6 62. Kc4 Kd6 63. Kb5 Ke6 64. Kc4 Kd6 1/2-1/2

[Event "Elit(Rockaden-Kamraterna)"]
[Site "?"]
[Date "2008.12.05"]
[Round "3"]
[White "Akbarinia, Arash"]
[Black "Barkhagen, Jonas"]
[Result "1/2-1/2"]
[WhiteElo "2388"]
[BlackElo "2536"]
[PlyCount "56"]

1. Nf3 Nf6 2. c4 b6 3. g3 c5 4. Bg2 Bb7 5. O-O g6 6. b3 Bg7 7. Bb2 O-O 8. d4
cxd4 9. Na3 d6 10. Nxd4 Bxg2 11. Kxg2 Qc8 12. f3 Qb7 13. e4 Nbd7 14. Qe2 a6 15.
Nb1 Rac8 16. Rd1 Rfe8 17. Nc3 e6 18. Kg1 Qb8 19. Qf2 Nc5 20. Rac1 Red8 21. Qe3
h5 22. Rc2 Kh7 23. Re2 Nfd7 24. Kg2 Bh6 25. Qg1 Ne5 26. Ba1 Qb7 27. Qf1 Rf8 28.
Ree1 Rfd8 1/2-1/2

[Event "Elit(Rockaden-Kamraterna)"]
[Site "?"]
[Date "2008.12.05"]
[Round "3"]
[White "Blomqvist, Erik"]
[Black "Svensson, Bengt"]
[Result "1-0"]
[WhiteElo "2474"]
[BlackElo "2496"]
[PlyCount "57"]

1. e4 c5 2. Nf3 d6 3. d4 cxd4 4. Nxd4 Nf6 5. Nc3 a6 6. Bc4 e6 7. O-O Be7 8. Bb3
b5 9. Qf3 Qc7 10. Qg3 Nc6 11. Nf5 exf5 12. Qxg7 Rf8 13. Bg5 b4 14. Bxf6 bxc3
15. Bxe7 Nxe7 16. exf5 Bxf5 17. Rae1 cxb2 18. Qxb2 O-O-O 19. Re3 d5 20. Rc3 Nc6
21. Qa3 Rd6 22. Bxd5 Bd7 23. Qxa6+ Kd8 24. Qa8+ Qc8 25. Qa3 Qc7 26. Bxc6 Bxc6
27. Rd3 Ke7 28. Re1+ Kd7 29. Red1 1-0

[Event "Elit(Rockaden-Kamraterna)"]
[Site "?"]
[Date "2008.12.05"]
[Round "3"]
[White "Hamark, Jesper"]
[Black "Engqvist, Thomas"]
[Result "1/2-1/2"]
[WhiteElo "2358"]
[BlackElo "2434"]
[PlyCount "91"]

1. e4 c6 2. d4 d5 3. exd5 cxd5 4. Bf4 Nc6 5. c3 Bf5 6. Qb3 Qd7 7. Nf3 f6 8.
Nbd2 g5 9. Be3 e6 10. Bb5 Bd6 11. c4 a6 12. Bxc6 Qxc6 13. c5 Bc7 14. Qc3 a5 15.
O-O Ne7 16. Rfe1 Qb5 17. Nf1 Qd3 18. Bd2 Qxc3 19. Bxc3 Kd7 20. Ne3 Bg6 21. Rec1
Nc6 22. Ne1 h5 23. Rd1 g4 24. Rd2 Rhg8 25. Nd3 Be4 26. Ne1 Bf4 27. Rdd1 Rg7 28.
Nf1 Rag8 29. Nd2 Bf5 30. Nf1 h4 31. a4 Bc7 32. Ra3 b6 33. cxb6 Bxb6 34. Rb3 Ba7
35. Ne3 Be4 36. Nd3 Bxd3 37. Rxd3 Kd6 38. Rb5 Rb8 39. Rxd5+ exd5 40. Nf5+ Kd7
41. Nxg7 Nb4 42. Re3 Nc2 43. Re2 Nb4 44. Nf5 Nc6 45. Kf1 h3 46. gxh3 1/2-1/2

[Event "Elit(Rockaden-Kamraterna)"]
[Site "?"]
[Date "2008.12.05"]
[Round "3"]
[White "Hermansson, Emil"]
[Black "Svenn, Gosta"]
[Result "1-0"]
[WhiteElo "2469"]
[BlackElo "2369"]
[PlyCount "99"]

1. e4 d5 2. exd5 Qxd5 3. Nc3 Qd6 4. d4 Nf6 5. Nf3 c6 6. g3 Bf5 7. Bg2 e6 8. O-O
Be7 9. Nh4 Bg6 10. Nxg6 hxg6 11. Ne4 Nxe4 12. Bxe4 Na6 13. c3 Qd7 14. Qb3 Rb8
15. Be3 Nc7 16. c4 O-O 17. Rfd1 Bf6 18. d5 exd5 19. cxd5 Nxd5 20. Bxd5 cxd5 21.
Bxa7 Ra8 22. Rxd5 Qc6 23. Bd4 Bxd4 24. Rxd4 Rad8 25. Rc4 Qf6 26. Re1 g5 27. Qc3
Qg6 28. Rc7 Rd3 29. Qb4 Rfd8 30. Rxb7 Rd2 31. Rb8 Qc2 32. Rxd8+ Rxd8 33. Qc3
Qxc3 34. bxc3 Rd2 35. Ra1 Rc2 36. a4 Rxc3 37. a5 Rc7 38. Kg2 f6 39. Kf3 Kf7 40.
Ke4 Ke6 41. Kd4 Kd6 42. a6 Ra7 43. h3 Kc6 44. Ke4 Kd6 45. Kf5 Ke7 46. Kg6 Ke6
47. Ra5 Kd6 48. h4 gxh4 49. gxh4 Ke6 50. f4 1-0

[Event "Elit(Rockaden-Kamraterna)"]
[Site "?"]
[Date "2008.12.05"]
[Round "3"]
[White "Svenn, Matti"]
[Black "Bator, Robert"]
[Result "1/2-1/2"]
[WhiteElo "2238"]
[BlackElo "2455"]
[PlyCount "137"]

1. e4 c5 2. Nf3 Nc6 3. d4 cxd4 4. Nxd4 e5 5. Nb5 d6 6. c4 Be7 7. N1c3 a6 8. Na3
Be6 9. Nc2 Bg5 10. Bxg5 Qxg5 11. Ne3 Nd4 12. Ne2 Nxe2 13. Bxe2 Qd8 14. O-O Nf6
15. Qd3 Qb6 16. b3 O-O 17. Rad1 Rfd8 18. Kh1 Qc6 19. Nd5 Bxd5 20. exd5 Qc5 21.
Qf5 Re8 22. Rd3 Qc8 23. Qg5 Qd8 24. Rg3 g6 25. Rh3 Nd7 26. Qh6 Nf8 27. f4 exf4
28. Bd3 Qf6 29. Rhf3 Re7 30. Rxf4 Qc3 31. R4f3 Qd4 32. Qg5 Rae8 33. Qf6 Qxf6
34. Rxf6 Rd7 35. Kg1 h5 36. R6f2 Re3 37. Rf3 Re5 38. Kf2 Rde7 39. Rf6 Rd7 40.
Re1 Rxe1 41. Kxe1 Kg7 42. Rf2 Re7+ 43. Kd2 f5 44. Rf1 Kf6 45. Kc3 Nd7 46. b4
Re5 47. Kd4 b6 48. g3 Re8 49. Rf2 Re1 50. Re2 Rxe2 51. Bxe2 a5 52. a3 axb4 53.
axb4 Ke7 54. Bd1 Nf6 55. c5 bxc5+ 56. bxc5 dxc5+ 57. Kxc5 Ne4+ 58. Kc6 Nd6 59.
Be2 Nf7 60. Kc7 Nd6 61. h4 Ne8+ 62. Kc6 Nd6 63. Bd3 Nf7 64. Bb5 Nd6 65. Ba4 Ne8
66. Bb5 Nd6 67. Ba6 Nf7 68. Bc8 Nd6 69. Be6 1/2-1/2

[Event "Elit(Rockaden-Kamraterna)"]
[Site "?"]
[Date "2008.12.05"]
[Round "3"]
[White "Hedman, Erik"]
[Black "Madebrink, Lars"]
[Result "1/2-1/2"]
[WhiteElo "2410"]
[BlackElo "2255"]
[PlyCount "64"]

1. e4 d5 2. exd5 Nf6 3. Bb5+ Bd7 4. Be2 Nxd5 5. d4 Bf5 6. a3 e6 7. c4 Nf6 8.
Nc3 c6 9. Bf3 Be7 10. Be3 O-O 11. g4 Bg6 12. h4 h6 13. g5 hxg5 14. hxg5 Nh7 15.
Bh5 Bxg5 16. Bxg6 fxg6 17. Qg4 Rf5 18. f4 Bf6 19. Ne4 Bxd4 20. Rd1 c5 21. Qh3
Rh5 22. Qxe6+ Kh8 23. Bxd4 cxd4 24. Rxd4 Qf8 25. Rxh5 gxh5 26. Rd5 Nc6 27. Nd6
Nf6 28. Nf7+ Kh7 29. Rxh5+ Nxh5 30. Ng5+ Kh8 31. Nf7+ Kh7 32. Ng5+ Kh8 1/2-1/2

[Event "Elit(Rockaden-Kamraterna)"]
[Site "?"]
[Date "2008.12.05"]
[Round "3"]
[White "Martensson, Ulf"]
[Black "Livner, Anders"]
[Result "0-1"]
[WhiteElo "2160"]
[BlackElo "2404"]
[PlyCount "78"]

1. d4 d5 2. Nf3 Nf6 3. c4 dxc4 4. e3 e6 5. Bxc4 c5 6. O-O a6 7. dxc5 Qxd1 8.
Rxd1 Bxc5 9. a3 Nbd7 10. Nbd2 b6 11. Be2 Bb7 12. b4 Be7 13. Bb2 O-O 14. Nc4 Bd5
15. Nfe5 Nxe5 16. Nxe5 a5 17. Bd4 axb4 18. axb4 Rxa1 19. Rxa1 Bxb4 20. Nd3 Ba5
21. Rb1 Rc8 22. f3 Nd7 23. e4 Bb7 24. Ne5 Nxe5 25. Bxe5 Bc6 26. Bd4 Rd8 27. Be3
h6 28. Rb2 b5 29. Rc2 Be8 30. Ra2 Bc3 31. Kf2 b4 32. Bc4 Rb8 33. Bb3 Bb5 34.
Bd2 Bd4+ 35. Be3 Bc3 36. Bd2 Rc8 37. Rc2 Bd3 38. Rc1 e5 39. Bxc3 Rxc3 0-1

[Event "Elit(Rockaden-Kamraterna)"]
[Site "?"]
[Date "2008.12.05"]
[Round "3"]
[White "Lissang, Christopher"]
[Black "Nyberg, Ulf"]
[Result "1-0"]
[WhiteElo "2333"]
[BlackElo "2204"]
[PlyCount "147"]

1. d4 d6 2. e4 g6 3. Nc3 Nf6 4. f4 Bg7 5. Nf3 O-O 6. Bd3 Na6 7. O-O c5 8. d5
Bg4 9. a3 Nc7 10. a4 e6 11. h3 Bxf3 12. Qxf3 exd5 13. exd5 a6 14. a5 Rb8 15.
Bc4 b5 16. axb6 Rxb6 17. Qd3 Re8 18. Bd2 Rxb2 19. Bb3 Qb8 20. Ra3 Qb4 21. Ra4
Qb6 22. Rc4 Qb7 23. Ne4 Nxe4 24. Rxe4 Rxe4 25. Qxe4 Qc8 26. f5 Qe8 27. Qd3 Nb5
28. f6 Bf8 29. Re1 Qc8 30. c4 Nd4 31. Ba4 Rb8 32. Re7 Qf5 33. Qxf5 gxf5 34. Kh2
Rb2 35. Bf4 h5 36. Bxd6 h4 37. Bd1 Rd2 38. Bh5 f4 39. Bxf4 Rf2 40. Be5 Nf5 41.
d6 Nxd6 42. Bxd6 Rxf6 43. Bxc5 Rf5 44. Bxf7+ Rxf7 45. Re8 Kg7 46. Bxf8+ Rxf8
47. Re4 a5 48. c5 Ra8 49. c6 Kf6 50. c7 Rc8 51. Rc4 Ke6 52. Kg1 Kd6 53. Ra4
Rxc7 54. Rxa5 Rc4 55. Kf2 Ke6 56. Rg5 Rf4+ 57. Ke3 Ra4 58. Rg4 Ra3+ 59. Kf4 Kf6
60. Rxh4 Ra4+ 61. Kg3 Ra3+ 62. Kh2 Kg5 63. Rb4 Rc3 64. h4+ Kh5 65. g3 Ra3 66.
Kh3 Rc3 67. Rb5+ Kg6 68. h5+ Kf6 69. Kh4 Rc1 70. Rb6+ Kf5 71. g4+ Kf4 72. Rf6+
Ke4 73. h6 Rg1 74. Kg5 1-0

[Event "Elit(Solna-LASK)"]
[Site "?"]
[Date "2008.12.05"]
[Round "3"]
[White "Grandelius, Nils"]
[Black "Bergstrom, Christer"]
[Result "1/2-1/2"]
[WhiteElo "2554"]
[BlackElo "2363"]
[PlyCount "39"]

1. d4 Nf6 2. c4 e6 3. Nf3 b6 4. g3 Bb7 5. Bg2 Be7 6. O-O O-O 7. d5 exd5 8. Nh4
c6 9. cxd5 Nxd5 10. Nf5 Bc5 11. e4 Ne7 12. Nxg7 Kxg7 13. b4 Ba6 14. Re1 Bxf2+
15. Kxf2 d6 16. Qh5 Kg8 17. Bh6 Ng6 18. Nd2 Re8 19. Nf3 Nd7 20. Nd4 1/2-1/2

[Event "Elit(Solna-LASK)"]
[Site "?"]
[Date "2008.12.05"]
[Round "3"]
[White "Lindberg, Bengt"]
[Black "Lund, Esben"]
[Result "1/2-1/2"]
[WhiteElo "2414"]
[BlackElo "2488"]
[PlyCount "122"]

1. e4 c5 2. Nf3 Nc6 3. d4 cxd4 4. Nxd4 Nf6 5. Nc3 d6 6. Bg5 e6 7. Qd2 a6 8.
O-O-O Qc7 9. f3 h5 10. Kb1 Bd7 11. f4 Be7 12. h3 O-O-O 13. Bc4 Kb8 14. Bb3 Na5
15. e5 Nxb3 16. axb3 Ng8 17. Nf3 d5 18. Bxe7 Nxe7 19. Ne2 h4 20. Ned4 Ng6 21.
Ng5 Bc8 22. Rhf1 Rhe8 23. Rde1 Qe7 24. Qa5 Rd7 25. Qb6 Rc7 26. Re3 Qc5 27. Qxc5
Rxc5 28. Nxf7 Rf8 29. Nd6 Rxf4 30. Rxf4 Nxf4 31. g3 hxg3 32. Rxg3 Rc7 33. h4
Re7 34. Rf3 Ng6 35. h5 Nxe5 36. Rf8 Rc7 37. Nxe6 Rc6 38. Rxc8+ Rxc8 39. Nxc8
Kxc8 40. Nxg7 Kd7 41. Kc1 Ke7 42. Kd2 Kf6 43. Ne8+ Kg5 44. Ke3 Nc6 45. Nd6 Kxh5
46. Nxb7 Kg5 47. c3 a5 48. Kd3 Kf4 49. Nc5 Ke5 50. Na6 Kd6 51. c4 Ne5+ 52. Kd4
Nf3+ 53. Kc3 Ne5 54. cxd5 Kxd5 55. b4 axb4+ 56. Nxb4+ Kc5 57. b3 Kb5 58. Nc2
Nc6 59. Na3+ Kc5 60. Nc2 Kb5 61. b4 Nxb4 1/2-1/2

[Event "Elit(Solna-LASK)"]
[Site "?"]
[Date "2008.12.05"]
[Round "3"]
[White "Semcesen, Daniel"]
[Black "Johansson, Gunnar"]
[Result "0-1"]
[WhiteElo "2446"]
[BlackElo "2282"]
[PlyCount "84"]

1. d4 d5 2. Nf3 Nf6 3. c4 c6 4. Qb3 e6 5. Bg5 Be7 6. e3 h6 7. Bh4 Ne4 8. Bxe7
Qxe7 9. Bd3 O-O 10. O-O Nd7 11. Bxe4 dxe4 12. Nfd2 f5 13. Nc3 b6 14. Rfe1 Bb7
15. c5 Rfb8 16. Qa3 Qf8 17. Na4 Ba6 18. b4 Nf6 19. f3 exf3 20. Nxf3 Bc4 21. Ne5
Bd5 22. Qd3 bxc5 23. bxc5 Qd8 24. Nc3 Rb2 25. Re2 Rab8 26. Rae1 Ne4 27. Nxd5
Qxd5 28. Rxb2 Rxb2 29. Qc4 Rxa2 30. Qxd5 cxd5 31. Rc1 Rb2 32. h4 Rb7 33. Ra1
Kf8 34. Ra6 Ke7 35. Kh2 g5 36. hxg5 hxg5 37. Rxa7 Rxa7 38. Nc6+ Kd7 39. Nxa7
Nc3 40. g4 Kc7 41. c6 Kb8 42. c7+ Kxc7 0-1

[Event "Elit(Solna-LASK)"]
[Site "?"]
[Date "2008.12.05"]
[Round "3"]
[White "Dalmau, Jorgen"]
[Black "Tikkanen, Hans"]
[Result "0-1"]
[WhiteElo "2237"]
[BlackElo "2468"]
[PlyCount "46"]

1. e4 d5 2. exd5 Nf6 3. d4 Nxd5 4. c4 Nb6 5. Nc3 e5 6. Nf3 Bg4 7. d5 c6 8. Be3
Bb4 9. Qb3 Bxc3+ 10. Qxc3 f6 11. O-O-O cxd5 12. cxd5 N8d7 13. Kb1 O-O 14. Bb5
Qe7 15. h3 Bf5+ 16. Ka1 Rfc8 17. Qe1 Qd6 18. Bxd7 Qxd7 19. d6 Rc4 20. Qe2 Rac8
21. g4 Bc2 22. Rd2 Be4 23. Rdd1 Qc6 0-1

[Event "Elit(Solna-LASK)"]
[Site "?"]
[Date "2008.12.05"]
[Round "3"]
[White "Olsson, Linus"]
[Black "Karlsson, Tomas"]
[Result "0-1"]
[WhiteElo "2443"]
[BlackElo "2287"]
[PlyCount "100"]

1. Nf3 d5 2. d4 e6 3. c4 Nf6 4. g3 Be7 5. Bg2 O-O 6. O-O dxc4 7. Qc2 a6 8. Qxc4
b5 9. Qc2 Bb7 10. Bd2 Be4 11. Qc1 Nbd7 12. Ba5 Bd6 13. Nbd2 Bb7 14. a3 Rc8 15.
e3 Qe7 16. b4 Ba8 17. Ra2 e5 18. Rc2 e4 19. Ne1 Nb8 20. Bh3 Bd5 21. Bxc8 Rxc8
22. Ng2 c6 23. Re1 g5 24. Bb6 Qe6 25. Bc5 Bc7 26. Qa1 h5 27. Rec1 h4 28. a4 Qh3
29. axb5 axb5 30. Be7 Qe6 31. Bxf6 Qxf6 32. Qa8 Bd6 33. Qb7 Qe6 34. Rb2 Kg7 35.
Nf1 Rh8 36. Qa7 Nd7 37. Ne1 Nf6 38. Nc2 Qh3 39. Na3 Bb8 40. Qe7 Re8 41. Qb7 Qe6
42. Rbc2 Ng4 43. Re2 Qf5 44. Nd2 Nxh2 45. Kxh2 hxg3+ 46. fxg3 Rh8+ 47. Kg1 Qh3
48. Nf1 Qh1+ 49. Kf2 Bxg3+ 50. Kxg3 Qf3# 0-1

[Event "Elit(Solna-LASK)"]
[Site "?"]
[Date "2008.12.05"]
[Round "3"]
[White "Landgren, Andreas"]
[Black "Smith, Axel"]
[Result "1-0"]
[WhiteElo "2207"]
[BlackElo "2429"]
[PlyCount "96"]

1. d4 Nf6 2. c4 g6 3. Nc3 d5 4. cxd5 Nxd5 5. e4 Nxc3 6. bxc3 Bg7 7. Bc4 c5 8.
Ne2 O-O 9. O-O Nc6 10. Be3 Na5 11. Bd3 b6 12. Qd2 e5 13. dxe5 Bxe5 14. Rad1 Be6
15. Bg5 Bf6 16. Bxf6 Qxf6 17. Nf4 Bxa2 18. Nd5 Bxd5 19. exd5 Nb7 20. f4 Nd6 21.
f5 g5 22. h4 gxh4 23. Rf4 Rae8 24. Qf2 Re5 25. Rxh4 Rfe8 26. Qg3+ Kf8 27. Rxh7
Rxd5 28. Qf4 Nxf5 29. Rh5 Qxc3 30. Rxf5 Rxd3 31. Qh6+ Ke7 32. Qg5+ Kf8 33. Qh6+
Ke7 34. Qg5+ Kf8 35. Qh6+ Ke7 36. Qg5+ Ke6 37. Rxd3 Qxd3 38. Re5+ Kd6 39. Rxe8
Qb1+ 40. Kh2 Qh7+ 41. Kg1 Qb1+ 42. Kf2 Qb2+ 43. Re2 Qd4+ 44. Kg3 Kc6 45. Rf2
Kb5 46. Rxf7 a5 47. Qc1 a4 48. Rf4 Qe5 1-0